000 00843cam a2200133 4500500
005 20260201002940.0
041 _afre
042 _adc
100 1 0 _aDurand, Gilbert
_eauthor
245 0 0 _aLes structures anthropologiques de l'imaginaire
260 _bArmand Colin,
_c2021.
520 _aGilbert Durand, disciple de Bachelard, souhaitait en concevant cet ouvrage compléter «anthropologiquement» les recherches inaugurées par l’auteur de «la psychanalyse du feu». Son livre est devenu la référence de tous les travaux sur les mythes: une sorte de «jardin» des images, ordonné comme la botanique de Linné, un merveilleux répertoire organisé autour des grands schémas structuraux.
856 4 1 _uhttps://shs.cairn.info/les-structures-anthropologiques-de-l-imaginaire--9782200628680?lang=fr&redirect-ssocas=7080
999 _c1638742
_d1638742